[Event "DEM U18 2024"]
[Site "Willingen GER"]
[Date "2024.05.22"]
[Round "6"]
[White "Hecht, Jonas Christian"]
[Black "Duong, Quang Bach"]
[Result "1-0"]
[Termination "normal"]
[Board "8"]
[WhiteElo "2101"]
[BlackElo "2168"]
[WhiteClock "00:11:33"]
[BlackClock "00:18:52"]
[PlyCount "135"]
[WhiteFideId "16214846"]
[BlackFideId "16287045"]
[EventCountry "GER"]
[EventRounds "9"]
[EventType "swiss"]
[EventDate "2024.05.18"]

1. e4 {[%clk 01:30:54]} {[%emt 00:00:02]} e5 {[%clk 01:30:55]} {[%emt
00:00:09]} 2. Nf3 {[%clk 01:31:22]} {[%emt 00:00:02]} Nc6 {[%clk 01:31:21]}
{[%emt 00:00:05]} 3. d4 {[%clk 01:31:49]} {[%emt 00:00:03]} exd4 {[%clk
01:31:47]} {[%emt 00:00:03]} 4. Nxd4 {[%clk 01:32:16]} {[%emt 00:00:04]} Nf6
{[%clk 01:32:12]} {[%emt 00:00:04]} 5. Nxc6 {[%clk 01:32:43]} {[%emt 00:00:04]}
bxc6 {[%clk 01:32:36]} {[%emt 00:00:06]} 6. e5 {[%clk 01:33:09]} {[%emt
00:00:03]} Qe7 {[%clk 01:33:01]} {[%emt 00:00:05]} 7. Qe2 {[%clk 01:33:35]}
{[%emt 00:00:05]} Nd5 {[%clk 01:33:23]} {[%emt 00:00:08]} 8. h4 {[%clk
01:34:00]} {[%emt 00:00:05]} Qe6 {[%clk 01:32:48]} {[%emt 00:01:05]} 9. c4
{[%clk 01:33:30]} {[%emt 00:01:00]} Nb6 {[%clk 01:32:50]} {[%emt 00:00:27]} 10.
Be3 {[%clk 01:33:45]} {[%emt 00:00:15]} Ba6 {[%clk 01:30:18]} {[%emt 00:03:02]}
11. Bxb6 {[%clk 01:32:52]} {[%emt 00:01:24]} axb6 {[%clk 01:30:04]} {[%emt
00:00:44]} 12. Nd2 {[%clk 01:27:49]} {[%emt 00:05:32]} d5 {[%clk 01:26:36]}
{[%emt 00:03:58]} 13. exd6 {[%clk 01:18:58]} {[%emt 00:09:21]} cxd6 {[%clk
01:26:43]} {[%emt 00:00:23]} 14. O-O-O {[%clk 01:17:08]} {[%emt 00:02:20]} Qxe2
{[%clk 01:26:46]} {[%emt 00:00:27]} 15. Bxe2 {[%clk 01:17:21]} {[%emt
00:00:17]} O-O-O {[%clk 01:23:23]} {[%emt 00:03:53]} 16. Ne4 {[%clk 01:14:10]}
{[%emt 00:03:41]} g6 {[%clk 01:19:04]} {[%emt 00:04:49]} 17. Kb1 {[%clk
01:06:07]} {[%emt 00:08:33]} Kc7 {[%clk 01:18:40]} {[%emt 00:00:55]} 18. h5
{[%clk 01:05:05]} {[%emt 00:01:31]} Be7 {[%clk 01:17:36]} {[%emt 00:01:34]} 19.
Rhe1 {[%clk 00:54:22]} {[%emt 00:11:13]} f5 {[%clk 01:12:02]} {[%emt 00:06:04]}
20. Nc3 {[%clk 00:52:22]} {[%emt 00:02:29]} Bf6 {[%clk 01:11:09]} {[%emt
00:01:24]} 21. c5 {[%clk 00:49:07]} {[%emt 00:03:46]} Bc8 {[%clk 01:07:44]}
{[%emt 00:03:54]} 22. cxb6+ {[%clk 00:46:52]} {[%emt 00:02:46]} Kxb6 {[%clk
01:08:07]} {[%emt 00:00:07]} 23. hxg6 {[%clk 00:40:44]} {[%emt 00:06:38]} hxg6
{[%clk 01:08:33]} {[%emt 00:00:04]} 24. Rh1 {[%clk 00:40:01]} {[%emt 00:01:12]}
d5 {[%clk 01:07:50]} {[%emt 00:01:13]} 25. Bd3 {[%clk 00:39:36]} {[%emt
00:00:55]} Rxh1 {[%clk 01:04:00]} {[%emt 00:04:19]} 26. Rxh1 {[%clk 00:40:00]}
{[%emt 00:00:06]} Rh8 {[%clk 01:04:27]} {[%emt 00:00:03]} 27. Rxh8 {[%clk
00:40:25]} {[%emt 00:00:06]} Bxh8 {[%clk 01:04:52]} {[%emt 00:00:05]} 28. Kc2
{[%clk 00:39:11]} {[%emt 00:01:44]} g5 {[%clk 01:00:06]} {[%emt 00:05:16]} 29.
f3 {[%clk 00:37:22]} {[%emt 00:02:19]} Kc5 {[%clk 00:58:03]} {[%emt 00:02:33]}
30. Ne2 {[%clk 00:33:30]} {[%emt 00:04:21]} Be5 {[%clk 00:56:53]} {[%emt
00:01:41]} 31. a3 {[%clk 00:28:50]} {[%emt 00:05:11]} Kb6 {[%clk 00:52:33]}
{[%emt 00:04:49]} 32. b4 {[%clk 00:28:59]} {[%emt 00:00:21]} c5 {[%clk
00:49:30]} {[%emt 00:03:33]} 33. bxc5+ {[%clk 00:29:21]} {[%emt 00:00:08]} Kxc5
{[%clk 00:49:56]} {[%emt 00:00:03]} 34. Kb3 {[%clk 00:25:28]} {[%emt 00:04:23]}
Bc7 {[%clk 00:49:47]} {[%emt 00:00:39]} 35. Kc2 {[%clk 00:24:20]} {[%emt
00:01:38]} Bd7 {[%clk 00:49:39]} {[%emt 00:00:39]} 36. Kb3 {[%clk 00:24:00]}
{[%emt 00:00:48]} Bd6 {[%clk 00:49:44]} {[%emt 00:00:27]} 37. Ba6 {[%clk
00:22:26]} {[%emt 00:02:04]} Bc7 {[%clk 00:35:23]} {[%emt 00:14:51]} 38. Bd3
{[%clk 00:22:39]} {[%emt 00:00:16]} Ba5 {[%clk 00:31:10]} {[%emt 00:04:44]} 39.
Kc2 {[%clk 00:20:44]} {[%emt 00:02:25]} Ba4+ {[%clk 00:28:19]} {[%emt
00:03:21]} 40. Kc1 {[%clk 00:16:23]} {[%emt 00:04:50]} f4 {[%clk 00:28:41]}
{[%emt 00:00:09]} 41. Ba6 {[%clk 00:13:29]} {[%emt 00:03:24]} Be1 {[%clk
00:27:10]} {[%emt 00:02:00]} 42. Bd3 {[%clk 00:08:59]} {[%emt 00:05:00]} Bb3
{[%clk 00:27:09]} {[%emt 00:00:31]} 43. Kb2 {[%clk 00:09:11]} {[%emt 00:00:18]}
Bd1 {[%clk 00:26:46]} {[%emt 00:00:54]} 44. Kc1 {[%clk 00:08:14]} {[%emt
00:01:26]} Ba4 {[%clk 00:23:11]} {[%emt 00:04:06]} 45. Kb2 {[%clk 00:05:00]}
{[%emt 00:03:44]} Bd2 {[%clk 00:17:15]} {[%emt 00:06:25]} 46. Ba6 {[%clk
00:04:00]} {[%emt 00:01:31]} Be3 {[%clk 00:08:53]} {[%emt 00:08:52]} 47. Bd3
{[%clk 00:02:25]} {[%emt 00:02:05]} d4 {[%clk 00:06:20]} {[%emt 00:03:03]} 48.
Nc1 {[%clk 00:26:54]} {[%emt 00:06:00]} Bc6 {[%clk 00:34:42]} {[%emt 00:02:08]}
49. Nb3+ {[%clk 00:23:17]} {[%emt 00:04:07]} Kd6 {[%clk 00:32:12]} {[%emt
00:03:01]} 50. Na5 {[%clk 00:16:15]} {[%emt 00:07:31]} Bd5 {[%clk 00:30:32]}
{[%emt 00:02:11]} 51. Bc4 {[%clk 00:15:10]} {[%emt 00:01:36]} Ba8 {[%clk
00:30:44]} {[%emt 00:00:17]} 52. Bf1 {[%clk 00:14:30]} {[%emt 00:01:09]} Ke6
{[%clk 00:29:28]} {[%emt 00:01:46]} 53. Kc2 {[%clk 00:13:04]} {[%emt 00:01:57]}
Kf6 {[%clk 00:29:21]} {[%emt 00:00:37]} 54. a4 {[%clk 00:12:01]} {[%emt
00:01:33]} Kg6 {[%clk 00:27:44]} {[%emt 00:02:07]} 55. Bb5 {[%clk 00:10:44]}
{[%emt 00:01:46]} Kh5 {[%clk 00:18:37]} {[%emt 00:09:38]} 56. Bc6 {[%clk
00:11:08]} {[%emt 00:00:06]} Bxc6 {[%clk 00:18:52]} {[%emt 00:00:15]} 57. Nxc6
Kh4 58. a5 d3+ 59. Kxd3 Kg3 60. Nd4 Kxg2 61. a6 Bxd4 62. Kxd4 Kxf3 63. a7 g4
64. a8=Q+ Kf2 65. Ke4 f3 66. Kf4 Kg1 67. Kg3 f2 68. Qg2# 1-0

[Event "DEM U18 2024"]
[Site "Willingen GER"]
[Date "2024.05.22"]
[Round "6"]
[White "Pikalow, Michael"]
[Black "Bui, Bao Anh Le"]
[Result "1/2-1/2"]
[Termination "normal"]
[Board "9"]
[WhiteElo "2089"]
[BlackElo "2150"]
[WhiteClock "00:29:22"]
[BlackClock "00:06:58"]
[PlyCount "41"]
[WhiteFideId "16227638"]
[BlackFideId "12970719"]
[EventCountry "GER"]
[EventRounds "9"]
[EventType "swiss"]
[EventDate "2024.05.18"]

1. e4 {[%clk 01:30:59]} c5 {[%clk 01:30:25]} {[%emt 00:00:35]} 2. Nc3 {[%clk
01:30:53]} {[%emt 00:00:36]} Nc6 {[%clk 01:30:45]} {[%emt 00:00:10]} 3. Nf3
{[%clk 01:31:16]} {[%emt 00:00:08]} e5 {[%clk 01:29:57]} {[%emt 00:01:18]} 4.
Bc4 {[%clk 01:31:41]} {[%emt 00:00:04]} g6 {[%clk 01:29:17]} {[%emt 00:01:10]}
5. d3 {[%clk 01:31:56]} {[%emt 00:00:15]} h6 {[%clk 01:29:06]} {[%emt
00:00:41]} 6. h4 {[%clk 01:32:18]} {[%emt 00:00:09]} d6 {[%clk 01:28:36]}
{[%emt 00:01:00]} 7. Be3 {[%clk 01:29:21]} {[%emt 00:03:25]} Bg7 {[%clk
01:26:43]} {[%emt 00:02:23]} 8. Qd2 {[%clk 01:26:35]} {[%emt 00:03:17]} Nf6
{[%clk 01:26:09]} {[%emt 00:01:05]} 9. Nh2 {[%clk 01:23:12]} {[%emt 00:03:52]}
Be6 {[%clk 01:15:35]} {[%emt 00:11:04]} 10. f3 {[%clk 01:15:29]} {[%emt
00:08:13]} Qe7 {[%clk 00:57:33]} {[%emt 00:18:30]} 11. O-O-O {[%clk 01:01:10]}
{[%emt 00:14:51]} O-O-O {[%clk 00:55:30]} {[%emt 00:02:33]} 12. Qf2 {[%clk
00:59:09]} {[%emt 00:02:30]} Nd4 {[%clk 00:48:14]} {[%emt 00:07:47]} 13. Bxe6+
{[%clk 00:47:07]} {[%emt 00:12:32]} Nxe6 {[%clk 00:42:14]} {[%emt 00:06:30]}
14. Nd5 {[%clk 00:44:50]} {[%emt 00:02:47]} Nxd5 {[%clk 00:38:37]} {[%emt
00:04:07]} 15. exd5 {[%clk 00:43:31]} {[%emt 00:01:49]} Nd4 {[%clk 00:23:52]}
{[%emt 00:15:15]} 16. g4 {[%clk 00:41:22]} {[%emt 00:02:39]} f5 {[%clk
00:20:27]} {[%emt 00:03:56]} 17. c3 {[%clk 00:39:27]} {[%emt 00:02:23]} Nb5
{[%clk 00:19:58]} {[%emt 00:01:00]} 18. h5 {[%clk 00:34:38]} {[%emt 00:05:19]}
Nc7 {[%clk 00:07:38]} {[%emt 00:12:49]} 19. c4 {[%clk 00:33:25]} {[%emt
00:01:43]} g5 {[%clk 00:07:01]} {[%emt 00:01:08]} 20. Nf1 {[%clk 00:29:08]}
{[%emt 00:04:47]} f4 {[%clk 00:06:58]} {[%emt 00:00:33]} 21. Bd2 {[%clk
00:29:22]} {[%emt 00:00:16]} 1/2-1/2

[Event "DEM U18 2024"]
[Site "Willingen GER"]
[Date "2024.05.22"]
[Round "6"]
[White "Prieb, Robert"]
[Black "Englert, Luca"]
[Result "1-0"]
[Termination "normal"]
[Board "10"]
[WhiteTitle "CM"]
[WhiteElo "2105"]
[BlackElo "2168"]
[WhiteClock "00:48:50"]
[BlackClock "00:25:33"]
[PlyCount "103"]
[WhiteFideId "16212002"]
[BlackFideId "16293088"]
[EventCountry "GER"]
[EventRounds "9"]
[EventType "swiss"]
[EventDate "2024.05.18"]

1. d4 {[%clk 01:30:57]} {[%emt 00:00:02]} d5 {[%clk 01:30:55]} {[%emt
00:00:06]} 2. Nf3 {[%clk 01:31:19]} {[%emt 00:00:07]} Nf6 {[%clk 01:31:20]}
{[%emt 00:00:05]} 3. c4 {[%clk 01:31:41]} {[%emt 00:00:09]} dxc4 {[%clk
01:31:46]} {[%emt 00:00:04]} 4. e3 {[%clk 01:31:46]} {[%emt 00:00:25]} e6
{[%clk 01:32:11]} {[%emt 00:00:04]} 5. Bxc4 {[%clk 01:31:58]} {[%emt 00:00:18]}
c5 {[%clk 01:32:35]} {[%emt 00:00:06]} 6. O-O {[%clk 01:31:53]} {[%emt
00:00:35]} a6 {[%clk 01:33:03]} {[%emt 00:00:03]} 7. dxc5 {[%clk 01:29:37]}
{[%emt 00:02:46]} Bxc5 {[%clk 01:33:27]} {[%emt 00:00:06]} 8. a3 {[%clk
01:27:52]} {[%emt 00:02:14]} b5 {[%clk 01:32:43]} {[%emt 00:01:14]} 9. Be2
{[%clk 01:28:05]} {[%emt 00:00:17]} Bb7 {[%clk 01:31:23]} {[%emt 00:01:51]} 10.
b4 {[%clk 01:27:41]} {[%emt 00:00:54]} Bb6 {[%clk 01:31:26]} {[%emt 00:00:26]}
11. Bb2 {[%clk 01:27:39]} {[%emt 00:00:32]} O-O {[%clk 01:30:28]} {[%emt
00:01:27]} 12. Qxd8 {[%clk 01:18:09]} {[%emt 00:10:01]} Rxd8 {[%clk 01:30:48]}
{[%emt 00:00:10]} 13. Nbd2 {[%clk 01:17:29]} {[%emt 00:01:11]} Nbd7 {[%clk
01:27:45]} {[%emt 00:03:33]} 14. Rac1 {[%clk 01:16:21]} {[%emt 00:01:37]} Rac8
{[%clk 01:27:51]} {[%emt 00:00:24]} 15. Nb3 {[%clk 01:14:49]} {[%emt 00:02:02]}
Ne4 {[%clk 01:26:47]} {[%emt 00:01:34]} 16. Rfd1 {[%clk 01:13:34]} {[%emt
00:01:45]} Ndf6 {[%clk 01:23:14]} {[%emt 00:04:04]} 17. Ne5 {[%clk 01:10:06]}
{[%emt 00:03:57]} Kf8 {[%clk 01:07:05]} {[%emt 00:16:39]} 18. Bf3 {[%clk
01:05:58]} {[%emt 00:04:38]} Rxd1+ {[%clk 01:07:19]} {[%emt 00:00:17]} 19. Bxd1
{[%clk 01:05:16]} {[%emt 00:01:12]} Rxc1 {[%clk 01:02:40]} {[%emt 00:05:09]}
20. Nxc1 {[%clk 01:05:15]} {[%emt 00:00:30]} Ke7 {[%clk 00:58:16]} {[%emt
00:04:53]} 21. Nb3 {[%clk 01:03:41]} {[%emt 00:02:05]} Bd5 {[%clk 00:52:44]}
{[%emt 00:06:02]} 22. Bd4 {[%clk 01:00:40]} {[%emt 00:03:31]} Bxb3 {[%clk
00:37:05]} {[%emt 00:16:10]} 23. Bxb3 {[%clk 01:00:51]} {[%emt 00:00:18]} Bxd4
{[%clk 00:37:29]} {[%emt 00:00:06]} 24. Nc6+ {[%clk 01:00:59]} {[%emt
00:00:22]} Kd6 {[%clk 00:37:11]} {[%emt 00:00:48]} 25. Nxd4 {[%clk 01:01:21]}
{[%emt 00:00:08]} Nd2 {[%clk 00:37:14]} {[%emt 00:00:26]} 26. Bc2 {[%clk
00:54:04]} {[%emt 00:07:48]} Nd5 {[%clk 00:36:06]} {[%emt 00:01:37]} 27. g4
{[%clk 00:42:33]} {[%emt 00:12:02]} Nc4 {[%clk 00:32:51]} {[%emt 00:03:45]} 28.
Bxh7 {[%clk 00:39:36]} {[%emt 00:03:26]} g6 {[%clk 00:33:00]} {[%emt 00:00:22]}
29. g5 {[%clk 00:38:25]} {[%emt 00:01:42]} Nxa3 {[%clk 00:33:10]} {[%emt
00:00:20]} 30. e4 {[%clk 00:36:57]} {[%emt 00:01:58]} Nf4 {[%clk 00:29:12]}
{[%emt 00:04:27]} 31. h4 {[%clk 00:35:59]} {[%emt 00:01:28]} Ke7 {[%clk
00:27:19]} {[%emt 00:02:23]} 32. Kh2 {[%clk 00:34:49]} {[%emt 00:01:39]} Nd3
{[%clk 00:26:34]} {[%emt 00:01:16]} 33. Nc6+ {[%clk 00:34:11]} {[%emt
00:01:08]} Kf8 {[%clk 00:26:29]} {[%emt 00:00:34]} 34. h5 {[%clk 00:34:09]}
{[%emt 00:00:32]} Kg7 {[%clk 00:21:24]} {[%emt 00:05:35]} 35. Bxg6 {[%clk
00:34:20]} {[%emt 00:00:20]} fxg6 {[%clk 00:21:34]} {[%emt 00:00:20]} 36. h6+
{[%clk 00:34:43]} {[%emt 00:00:08]} Kh8 {[%clk 00:21:19]} {[%emt 00:00:43]} 37.
Kg3 {[%clk 00:34:05]} {[%emt 00:01:09]} Nc4 {[%clk 00:21:18]} {[%emt 00:00:32]}
38. f4 {[%clk 00:31:06]} {[%emt 00:03:28]} Nd2 {[%clk 00:17:29]} {[%emt
00:04:18]} 39. e5 {[%clk 00:31:14]} {[%emt 00:00:23]} Kh7 {[%clk 00:15:07]}
{[%emt 00:02:52]} 40. Nd8 {[%clk 00:28:29]} {[%emt 00:03:15]} Nxb4 {[%clk
00:13:37]} {[%emt 00:02:00]} 41. Nxe6 {[%clk 00:28:38]} {[%emt 00:00:21]} Nc6
{[%clk 00:12:11]} {[%emt 00:01:55]} 42. Nf8+ {[%clk 00:28:24]} {[%emt
00:00:46]} Kg8 {[%clk 00:11:51]} {[%emt 00:00:49]} 43. Nxg6 {[%clk 00:28:13]}
{[%emt 00:00:41]} b4 {[%clk 00:11:01]} {[%emt 00:01:20]} 44. f5 {[%clk
00:26:25]} {[%emt 00:02:18]} b3 {[%clk 00:10:31]} {[%emt 00:01:00]} 45. f6
{[%clk 00:23:46]} {[%emt 00:03:09]} b2 {[%clk 00:03:30]} {[%emt 00:07:30]} 46.
Ne7+ {[%clk 00:21:45]} {[%emt 00:02:31]} Kh7 {[%clk 00:03:25]} {[%emt
00:00:35]} 47. f7 {[%clk 00:18:22]} {[%emt 00:03:53]} b1=Q {[%clk 00:27:28]}
{[%emt 00:06:28]} 48. g6+ {[%clk 00:48:15]} {[%emt 00:00:37]} Qxg6+ {[%clk
00:24:45]} {[%emt 00:03:13]} 49. Nxg6 {[%clk 00:48:34]} {[%emt 00:00:11]} Ne4+
{[%clk 00:25:06]} {[%emt 00:00:09]} 50. Kg2 {[%clk 00:48:40]} {[%emt 00:00:24]}
Kxh6 {[%clk 00:25:11]} {[%emt 00:00:25]} 51. f8=Q+ {[%clk 00:48:53]} {[%emt
00:00:17]} Kxg6 {[%clk 00:25:33]} {[%emt 00:00:08]} 52. Qe8+ {[%clk 00:48:50]}
{[%emt 00:00:32]} 1-0

[Event "DEM U18 2024"]
[Site "Willingen GER"]
[Date "2024.05.22"]
[Round "6"]
[White "Passin, Connor"]
[Black "Fuhrmann, Bahne"]
[Result "0-1"]
[Termination "normal"]
[Board "11"]
[WhiteElo "1882"]
[BlackElo "2159"]
[WhiteClock "00:55:17"]
[BlackClock "01:07:46"]
[PlyCount "48"]
[WhiteFideId "16259459"]
[BlackFideId "16244842"]
[EventCountry "GER"]
[EventRounds "9"]
[EventType "swiss"]
[EventDate "2024.05.18"]

1. e4 {[%clk 01:30:57]} {[%emt 00:00:02]} e5 {[%clk 01:30:56]} {[%emt
00:00:04]} 2. Nf3 {[%clk 01:31:20]} {[%emt 00:00:07]} Nc6 {[%clk 01:31:22]}
{[%emt 00:00:04]} 3. Bc4 {[%clk 01:31:45]} {[%emt 00:00:05]} Nf6 {[%clk
01:31:47]} {[%emt 00:00:05]} 4. d4 {[%clk 01:32:05]} {[%emt 00:00:10]} exd4
{[%clk 01:32:11]} {[%emt 00:00:06]} 5. O-O {[%clk 01:32:21]} {[%emt 00:00:14]}
Nxe4 {[%clk 01:32:29]} {[%emt 00:00:12]} 6. Re1 {[%clk 01:32:39]} {[%emt
00:00:12]} d5 {[%clk 01:32:54]} {[%emt 00:00:05]} 7. Bxd5 {[%clk 01:33:02]}
{[%emt 00:00:07]} Qxd5 {[%clk 01:33:20]} {[%emt 00:00:04]} 8. Nc3 {[%clk
01:33:27]} {[%emt 00:00:05]} Qa5 {[%clk 01:33:30]} {[%emt 00:00:20]} 9. Nxe4
{[%clk 01:33:36]} {[%emt 00:00:21]} Be6 {[%clk 01:33:55]} {[%emt 00:00:05]} 10.
Neg5 {[%clk 01:33:41]} {[%emt 00:00:25]} O-O-O {[%clk 01:34:03]} {[%emt
00:00:22]} 11. Nxe6 {[%clk 01:33:56]} {[%emt 00:00:16]} fxe6 {[%clk 01:34:28]}
{[%emt 00:00:05]} 12. Rxe6 {[%clk 01:34:20]} {[%emt 00:00:05]} Qd5 {[%clk
01:34:53]} {[%emt 00:00:05]} 13. Qe2 {[%clk 01:30:17]} {[%emt 00:04:33]} Bc5
{[%clk 01:35:16]} {[%emt 00:00:07]} 14. a3 {[%clk 01:20:36]} {[%emt 00:10:11]}
Rhf8 {[%clk 01:19:21]} {[%emt 00:16:25]} 15. Bd2 {[%clk 01:09:07]} {[%emt
00:11:59]} d3 {[%clk 01:14:47]} {[%emt 00:05:04]} 16. cxd3 {[%clk 01:06:55]}
{[%emt 00:02:42]} Rxf3 {[%clk 01:12:37]} {[%emt 00:02:40]} 17. Rxc6 {[%clk
00:59:46]} {[%emt 00:07:40]} Rxf2 {[%clk 01:10:04]} {[%emt 00:03:03]} 18. Qg4+
{[%clk 00:59:22]} {[%emt 00:00:53]} Rf5+ {[%clk 01:09:32]} {[%emt 00:01:01]}
19. Rxc5 {[%clk 00:58:54]} {[%emt 00:00:58]} Qxc5+ {[%clk 01:09:56]} {[%emt
00:00:07]} 20. Kh1 {[%clk 00:58:18]} {[%emt 00:01:06]} h5 {[%clk 01:09:22]}
{[%emt 00:01:03]} 21. Qe4 {[%clk 00:55:53]} {[%emt 00:02:55]} Rdf8 {[%clk
01:07:27]} {[%emt 00:02:26]} 22. h4 {[%clk 00:54:26]} {[%emt 00:01:57]} Rf1+
{[%clk 01:06:57]} {[%emt 00:01:00]} 23. Rxf1 {[%clk 00:54:51]} {[%emt
00:00:05]} Rxf1+ {[%clk 01:07:24]} {[%emt 00:00:03]} 24. Kh2 {[%clk 00:55:17]}
{[%emt 00:00:04]} Qd6+ {[%clk 01:07:46]} {[%emt 00:00:08]} 0-1